000 00409nam a2200145Ia 4500
008 100204s9999 xx 000 0 und d
082 _b4801
100 _aधारप नारायण
245 _aव्दैत
260 _b"दिपज्योती प्रकाशन , पुणे"
_c1976
300 _a138
630 _aव्दैत
730 _aव्दैत
942 _cBOOK
999 _c449486
_d449483